000 00516nam a2200157Ia 4500
003 LK-CoDNM
008 010623t xxu||||| |||| 00| 1 sin d
040 _aLK-CoDNM
_dLK-CoDNM
_eLK-CoDNM
041 _asin
080 _a(x) 92
245 _aමතක සටහන් - උකුතලේ ශ්‍රී ප්‍ර‍ඥාකීර්ති ස්වාමීන් වහන්සේ
246 _aMathaka satahan : Rev.Ukuthale Sri Pragnakeerthi
300 _b16, 18.5 cm
650 _aBiography
942 _cBK
999 _c140128
_d140128